| 000 | 00895nem a2200241 u 4500 | ||
|---|---|---|---|
| 005 | 20200104041742.0 | ||
| 008 | 160504b xxu||||| |||| 00| 0 spa d | ||
| 040 |
_aCO-BoIAVH _cCO-BoIAVH |
||
| 041 | _aspa | ||
| 044 | _ack | ||
| 090 |
_aMC- _b0133 |
||
| 110 | 2 |
_aInstituto de Investigación de Recursos Biológicos Alexander von Humboldt. _9204 |
|
| 245 | 1 |
_aMapa de Hipsmetría de la cuenca Cane - Iguaque _cUnidad de sistemas de información geográfica UNISIG- IAvH _h[Material Cartografico] |
|
| 255 | _a1:50000 | ||
| 260 |
_aBogotá _bInstituto de Investigación de Recursos Biológicos Alexander von Humboldt. _c2005 |
||
| 300 |
_a16 mapas ; _b color _c55 x 50 cm |
||
| 650 | 1 | 6 |
_aHidrografía _95361 |
| 650 | 1 | 6 |
_aCarreteras _970693 |
| 650 | 1 | 6 |
_aGeografía _992259 |
| 710 | 1 |
_aCorpoboyacá _970695 |
|
| 710 | 1 |
_aParques nacionales naturales de Colombia _970696 |
|
| 942 |
_2z _cMapa |
||
| 999 |
_c18458 _d18458 |
||